000 00509nam a2200205Ia 4500
003 OSt
005 20250703163043.0
008 210210b1999 xxu||||| |||| 00| 0 eng d
020 _a8173712433
040 _cAL
041 _aeng
082 _a530.12 GRIQ
100 _aGribbin John
_9217112
245 _aQ is for quantum : parcticle Physics from A-Z
260 _aHyderabad
_bUniversities Press
_c1999
300 _a545p
690 _aQuantum Mechanics
_9217121
906 _a063095
942 _2ddc
_cBK
999 _c132793
_d132793